| 000 | 01446nam0a22003611 4500 | ||
|---|---|---|---|
| 001 | rc\2805338 | ||
| 005 | 20260204000000.0 | ||
| 035 | _a(NLR Aleph) 006931287 | ||
| 090 |
_a25039 _c25039 |
||
| 100 | _a20110915d1945 u y0rusy50 ca | ||
| 101 | 0 | _arus | |
| 102 | _aRU | ||
| 105 | _ay z ||||| | ||
| 135 | _acrcn 024anaba | ||
| 200 | 1 |
_aКрасная Армия - армия освободительница _fП. Федосеев |
|
| 210 |
_a[Москва] _cВоен. изд-во _d1945 |
||
| 215 |
_a55 с. _d17 см. |
||
| 325 | _aКопия доступна в Электрон. б-ке РНБ | ||
| 700 | 1 |
_aФедосеев _bП.Н. _f1908-1990 _gПетр Николаевич |
|
| 801 | 0 |
_aRU _bNLR _gpsbo |
|
| 801 | 1 |
_aRU _bELAR _2rusmarc |
|
| 852 |
_aNLR _jИр50 Г-2/1042 |
||
| 856 | 0 | _uhttps://vivaldi.nlr.ru/bx700006296/view | |
| 856 | 1 | _uhttps://vivaldi.nlr.ru/bx700006296/cover | |
| 856 | 2 | _uhttps://vivaldi.nlr.ru/bx700006296/text | |
| 901 | _eКнижные издания | ||
| 942 | _cBOOK | ||
| 945 | _aРоссийская национальная библиотека | ||
| 980 | _aNB | ||
| 980 | _aBV | ||
| 981 | 1 | 3 |
_a(13) Документы, защищенные авторским правом _b(13) Современная научная, научно-популярная и популярная л |